| 000 | 00903nam a22003017a 4500 | ||
|---|---|---|---|
| 001 | 4952 | ||
| 003 | FISKH | ||
| 005 | 20241028122323.0 | ||
| 008 | 241028b cb ||||| |||| 00| 0 eng d | ||
| 020 | _a079808869355 | ||
| 040 |
_aFISKH _beng _cFISKH _dFISKH |
||
| 050 | _aQA113.Z54 | ||
| 082 | _a513.2 | ||
| 100 |
_aZiefert, Harriet _d(1941-) |
||
| 245 |
_aA dozen dogs / _cby Harriet Ziefert illustrated by Carol Nicklaus A Step 1 Book |
||
| 250 | _a1985 | ||
| 260 |
_aNew York : _bRandom House, _c1985. |
||
| 300 |
_a32 pages : _bColor illustrations ; _c23 cm |
||
| 505 | _aE | ||
| 520 | _aA dozen dogs frolicking on the beach introduce the numbers one through twelve. | ||
| 521 | 8 |
_a240L
_bLexile |
|
| 521 | 8 |
_aE
_bRaz-Plus |
|
| 650 |
_2Numbers _aBeach _vDogs |
||
| 650 |
_2Fiction _aDogs - Fiction |
||
| 700 |
_aNicklaus, Carol _dIllustrator |
||
| 942 |
_2ddc _cBK _n0 |
||
| 999 |
_c4952 _d4952 |
||